Best Passports - Statistics

General Stats
  • This quiz has been taken 65 times
    28 since last reset
  • The average score is 26 of 31
Answer Stats
# Answer % Correct
2 France
100%
3 Norway
100%
2 Sweden
100%
3 Belgium
96%
2 Finland
96%
2 Germany
96%
2 Italy
96%
4 Japan
96%
2 Netherlands
96%
3 United Kingdom
96%
4 United States of America
96%
2 Austria
92%
2 Spain
92%
2 Switzerland
92%
3 Denmark
88%
3 Ireland
88%
3 Poland
88%
2 South Korea
88%
4 Australia
83%
4 Canada
83%
3 Portugal
83%
5 Singapore
83%
4 Greece
79%
2 Luxembourg
79%
3 New Zealand
71%
1 United Arab Emirates
71%
4 Czech Republic
63%
4 Hungary
63%
5 Slovakia
63%
4 Lithuania
50%
5 Malta
42%
No matching quizzes found
Score Distribution
Percent of People with Each Score
Percentile by Number Answered
Your Score History
You have not taken this quiz since the last reset